| 000 | 01684nam0a22003731 4500 | ||
|---|---|---|---|
| 001 | RU\NLR\Evr\4441 | ||
| 005 | 20251202160538.0 | ||
| 035 | _a(NLR Aleph) 011420822 | ||
| 090 |
_a53546 _c53546 |
||
| 100 | _a20110819d1941 u y0rusy50 ca | ||
| 101 | 1 | _ayid | |
| 102 | _aRU | ||
| 105 | _ac ||||||||| | ||
| 200 | 1 |
_6a01 _7ba _eTsum zekhtsikstn geburtstog funem khaver Stalin _fM.I. Kalinin _g[Iberzetsung - B. Kotik] |
|
| 210 |
_6a01 _aMoskve _cDer emes _d1941 _7ba |
||
| 210 |
_6a01 _9z02 _aמאָסקווע _cדער עמעס _d1941 |
||
| 210 |
_9z02 _aМосква _cДер эмес _d1941 _7ca |
||
| 215 |
_a88 с. _cПортр. _d22 см. |
||
| 300 | _aИмя переводчика дано только на обороте тит. л. | ||
| 510 | 1 |
_6a01 _aצומ זעכציקסטנ געבורטסטאָג פונעמ כאווער סטאלינ _fמ. אי. קאלינינ _g[איבערזעצונג - ב. קאָטיק] |
|
| 541 | 1 |
_aК шестидесятилетию товарища Сталина _zrus |
|
| 600 | 1 |
_aСталин _bИ.В. _f1879-1953 _gИосиф Виссарионович _2nlr_zv _3RU\NLR\AUTH\7949564 _7ca |
|
| 700 | 1 |
_6a01 _aКалинин _bМ. И. _cгос. и парт. деятель _f1875-1946 _gМихаил Иванович _3RU\NLR\AUTH\770126884 _4070 _7ca |
|
| 702 | 1 |
_aКотик _bБ. _f1909-1968 _gБлюма _3RU\NLR\AUTH\7950460 _4730 _7ca |
|
| 801 | 0 |
_aRU _bNLR _c20110819 _gpsbo |
|
| 801 | 0 |
_aRU _bNLR _gPSBO |
|
| 801 | 1 |
_aRU _bNLR _c20110819 _2rusmarc |
|
| 852 |
_aNLR _bОЛСАА/идиш _jМ-2551 |
||
| 942 | _cBOOK | ||
| 945 | _aРоссийская национальная библиотека | ||
| 980 | _aNB | ||
| 980 | _aBV | ||
| 980 | 1 | _aIDISH | |